Quiz Argentina - Paisajes típicos - Estadísticas

Estadísticas generales
  • Esta prueba ha sido intentada 91 veces
  • La puntuación promedio es 12 de 13
Estadísticas de respuestas
Imagen Respuesta % Correcto
Buenos Aires (Mar del Plata)
99%
Jujuy (Quebrada de Humahuaca)
99%
Santa Cruz (Glaciar Perito Moreno)
99%
Chubut (Península de Valdés)
96%
Misiones (Cataratas del Iguazú)
96%
Neuquén (Lago Nahuel Huapi)
91%
Corrientes (Esteros del Iberá)
90%
La Rioja (Talampaya)
89%
San Juan (Valle de la Luna)
89%
Salta (Iruya)
87%
Mendoza (Parque Payunia)
84%
Córdoba (Sierras de Córdoba)
80%
Catamarca (Volcán Antofagasta)
72%
No se encontraron pruebas coincidentes
Distribución de puntuación
Porcentaje de gente con cada puntuación
Porcentaje por número respondido
Historial de tus puntuaciones
No has intentado esta prueba.